[Event "4NCL Online Division 5"]
[Site "online"]
[Date "2020.04.21"]
[Round "3.103"]
[White "Birch, James"]
[Black "Bridson, Ewan"]
[Result "1/2-1/2"]
[WhiteElo "1502"]
[BlackElo "1525"]
[PlyCount "121"]
[EventDate "2020.04.21"]
[WhiteTeam "Shropshire 4"]
[BlackTeam "MCS Oxford Juniors"]

1. c4 Nc6 2. g3 Nf6 3. Bg2 d5 4. cxd5 Nxd5 5. Nc3 e6 6. Nf3 Be7 7. O-O O-O 8.
e3 Nf6 9. d4 b6 10. Ne5 Nxe5 11. dxe5 Nd5 12. Nxd5 exd5 13. Qb3 Be6 14. Qc2 Qd7
15. Bd2 Bf5 16. Qc3 c5 17. Rad1 Qe6 18. f4 Rad8 19. Qc1 d4 20. b3 Rc8 21. e4
Bg4 22. f5 Qxe5 23. Bf4 Qf6 24. Rde1 d3 25. h3 Be2 26. Rf2 c4 27. bxc4 Bc5 28.
Be3 Rfd8 29. Bf1 d2 30. Bxd2 Bxf2+ 31. Kxf2 Bxf1 32. Kxf1 Qd4 33. Bf4 Rxc4 34.
Qa3 Ra4 35. Qb3 Qd3+ 36. Qxd3 Rxd3 37. e5 Rd5 38. e6 fxe6 39. fxe6 Rd8 40. Re2
Re8 41. Bd6 Ra5 42. e7 Rf5+ 43. Kg2 Kf7 44. g4 Rf6 45. Bb4 a5 46. g5 Rc6 47.
Rf2+ Kg6 48. Rf8 axb4 49. Rxe8 Re6 50. Rb8 Rxe7 51. Rxb6+ Kh5 52. Rxb4 Re2+ 53.
Kg3 Rxa2 54. h4 Ra3+ 55. Kg2 h6 56. gxh6 gxh6 57. Rc4 Ra5 58. Kg3 Ra3+ 59. Kg2
Ra2+ 60. Kg3 Ra3+ 61. Kg2 1/2-1/2

[Event "4NCL Online Division 5"]
[Site "online"]
[Date "2020.04.21"]
[Round "3.104"]
[White "Li, Reya"]
[Black "Hollands, Sam"]
[Result "1-0"]
[WhiteElo "1450"]
[BlackElo "1180"]
[PlyCount "151"]
[EventDate "2020.04.21"]
[WhiteTeam "MCS Oxford Juniors"]
[BlackTeam "Shropshire 4"]

1. e4 c5 2. Nf3 d6 3. c3 Nf6 4. Be2 a6 5. O-O Nbd7 6. d3 e6 7. Qb3 Be7 8. Bg5
O-O 9. Nbd2 b5 10. a4 Rb8 11. Qc2 a5 12. axb5 Rxb5 13. c4 Rb4 14. b3 Nb6 15.
Qa2 a4 16. bxa4 Rxa4 17. Qb2 Bd7 18. Rxa4 Nxa4 19. Qb3 Qa8 20. Rb1 h6 21. Bh4
d5 22. e5 Rc8 23. exf6 Bxf6 24. Bxf6 gxf6 25. cxd5 exd5 26. Ne1 Be6 27. Ra1 Bd7
28. Bf3 Bc6 29. Bxd5 Bxd5 30. Qxa4 Kh8 31. Qd7 Qxa1 32. Qxc8+ Kg7 33. Qg4+ Kf8
34. Qe2 Qa6 35. h3 f5 36. Nef3 Qa7 37. Qe5 Qd7 38. Qh8+ Ke7 39. Qxh6 Be6 40.
Qg5+ f6 41. Qg7+ Bf7 42. Qg3 Qxd3 43. Qc7+ Ke6 44. Qxc5 Qa6 45. Nd4+ Kd7 46.
Qxf5+ Ke7 47. Qe4+ Kf8 48. Nf5 Qa1+ 49. Kh2 Qb2 50. Qe7+ Kg8 51. Nh6+ Kh7 52.
Qxf7+ Kxh6 53. Qf8+ Kg6 54. Ne4 Qe5+ 55. Ng3 f5 56. Qxf5+ Qxf5 57. Nxf5 Kxf5
58. g3 Kg5 59. f3 Kg6 60. Kg2 Kg5 61. Kf2 Kg6 62. Ke3 Kg5 63. Ke4 Kg6 64. Kf4
Kh5 65. g4+ Kg6 66. g5 Kg7 67. Kf5 Kh7 68. Kf6 Kg8 69. Kg6 Kh8 70. Kf7 Kh7 71.
g6+ Kh8 72. g7+ Kh7 73. g8=Q+ Kh6 74. Qg7+ Kh5 75. Qg4+ Kh6 76. Qg6# 1-0

[Event "4NCL Online Division 5"]
[Site "online"]
[Date "2020.04.21"]
[Round "3.111"]
[White "Millar, Stephen"]
[Black "Kirkman, Nigel J"]
[Result "1-0"]
[WhiteElo "1817"]
[BlackElo "1795"]
[PlyCount "95"]
[EventDate "2020.04.21"]
[WhiteTeam "St Albans 2"]
[BlackTeam "East Cornwall Clowns"]

1. e4 d6 2. d4 Nf6 3. Nc3 g6 4. Bg5 Bg7 5. Qd2 h6 6. Bf4 Nbd7 7. f3 Nh5 8. Be3
e5 9. dxe5 Nxe5 10. O-O-O Be6 11. Bb5+ Nc6 12. Nge2 O-O 13. Bxh6 a6 14. Ba4 b5
15. Bb3 Bxb3 16. cxb3 Qb8 17. Nd5 a5 18. g4 Nf6 19. Bxg7 Kxg7 20. Nxf6 Kxf6 21.
Qc3+ Ne5 22. f4 b4 23. fxe5+ dxe5 24. Qc6+ Kg7 25. h4 Qa7 26. Rh3 Rfd8 27. Rhd3
Rxd3 28. Rxd3 Rb8 29. Qd5 Qf2 30. Rd2 Qf1+ 31. Kc2 Re8 32. Qd3 Re6 33. Qg3 Rc6+
34. Nc3 Qf6 35. Rf2 Qe6 36. h5 bxc3 37. bxc3 a4 38. hxg6 axb3+ 39. axb3 Kxg6
40. g5 Qd6 41. Rf6+ Qxf6 42. gxf6+ Kxf6 43. Qh4+ Ke6 44. Qh6+ Kd7 45. Qg7 Ke6
46. Qh8 Kd6 47. Qf6+ Kd7 48. Qxf7+ 1-0

[Event "4NCL Online Division 5"]
[Site "online"]
[Date "2020.04.21"]
[Round "3.112"]
[White "Henderson, Jason"]
[Black "Price, Liam"]
[Result "1-0"]
[WhiteElo "1705"]
[BlackElo "1712"]
[PlyCount "49"]
[EventDate "2020.04.21"]
[WhiteTeam "East Cornwall Clowns"]
[BlackTeam "St Albans 2"]

1. d4 d5 2. c4 e6 3. Nf3 Nf6 4. Nc3 Nc6 5. Bg5 Be7 6. e3 O-O 7. Be2 dxc4 8.
Bxc4 b6 9. O-O Bb7 10. Rc1 Nb4 11. a3 Nbd5 12. Nxd5 Nxd5 13. Bxd5 Bxd5 14. Bxe7
Qxe7 15. Ne5 c5 16. Qg4 cxd4 17. Qxd4 Rfd8 18. Qf4 Qb7 19. Qg3 f6 20. Ng4 Qf7
21. Nh6+ Kf8 22. Nxf7 Kxf7 23. Rc7+ Ke8 24. Qxg7 e5 25. Qe7# 1-0

[Event "4NCL Online Division 5"]
[Site "online"]
[Date "2020.04.21"]
[Round "3.113"]
[White "Pines, Chris"]
[Black "Pearce, Stephen"]
[Result "1-0"]
[WhiteElo "1570"]
[BlackElo "1577"]
[PlyCount "51"]
[EventDate "2020.04.21"]
[WhiteTeam "St Albans 2"]
[BlackTeam "East Cornwall Clowns"]

1. c4 e5 2. b3 Nc6 3. Bb2 Nf6 4. e3 d6 5. Nf3 Be7 6. Be2 O-O 7. O-O b6 8. Nc3
Bb7 9. Nd5 Qd7 10. Nxe7+ Nxe7 11. d3 Ng6 12. e4 h6 13. Ne1 c5 14. Bc1 Qe7 15.
g3 Rad8 16. Ng2 Bc8 17. f4 exf4 18. Nxf4 Nxf4 19. Rxf4 Nh7 20. Bg4 Qe5 21. Rb1
Qd4+ 22. Kg2 Bxg4 23. Rxg4 Kh8 24. Bb2 Qe3 25. Bxg7+ Kg8 26. Bxh6+ 1-0

[Event "4NCL Online Division 5"]
[Site "online"]
[Date "2020.04.21"]
[Round "3.114"]
[White "Jenkins, David R"]
[Black "Kalyviotis, Alexandros"]
[Result "0-1"]
[WhiteElo "1532"]
[BlackElo "1600"]
[PlyCount "68"]
[EventDate "2020.04.21"]
[WhiteTeam "East Cornwall Clowns"]
[BlackTeam "St Albans 2"]

1. e4 c5 2. Nf3 d6 3. d4 cxd4 4. Nxd4 Nf6 5. Nc3 a6 6. Bg5 e6 7. f4 Qb6 8. Rb1
Nbd7 9. Na4 Qc7 10. Nc3 Be7 11. Bd3 b5 12. O-O Qc5 13. Nce2 e5 14. b4 Qa7 15.
fxe5 dxe5 16. c3 exd4 17. Nxd4 Ne5 18. Kh1 O-O 19. Bf4 Nxd3 20. Qxd3 Qd7 21. h3
Rd8 22. Rbd1 Bb7 23. e5 Nd5 24. Qg3 Nxf4 25. Qxf4 Qxh3+ 26. Qh2 Bxg2+ 27. Kg1
Qxh2+ 28. Kxh2 Bxf1 29. Rxf1 Bxb4 30. cxb4 Rxd4 31. a3 Rc8 32. Re1 Rc2+ 33. Kg3
Rd3+ 34. Kf4 Rc4+ 0-1

[Event "4NCL Online Division 5"]
[Site "online"]
[Date "2020.04.21"]
[Round "3.122"]
[White "Constable, Christine F"]
[Black "Nettleton, Robin"]
[Result "1-0"]
[WhiteElo "1577"]
[BlackElo "1487"]
[PlyCount "87"]
[EventDate "2020.04.21"]
[WhiteTeam "Bude Surfers"]
[BlackTeam "Harrow 4"]

1. d4 d5 2. Nf3 Bf5 3. c4 Nf6 4. e3 Bxb1 5. Rxb1 e6 6. Qb3 b6 7. cxd5 Nxd5 8.
Bd3 Be7 9. O-O O-O 10. Bd2 a5 11. a3 c6 12. Ne5 Bd6 13. e4 Nf6 14. Bf4 Bxe5 15.
Bxe5 Nfd7 16. Rfd1 Nxe5 17. dxe5 Qc7 18. Qc3 Nd7 19. f4 Rad8 20. Bb5 Nc5 21.
Bd3 Nxd3 22. Rxd3 Rxd3 23. Qxd3 Rd8 24. Qe2 Rd4 25. Rd1 Rxd1+ 26. Qxd1 Kf8 27.
Qd6+ Qxd6 28. exd6 Ke8 29. e5 Kd7 30. Kf2 b5 31. Ke3 c5 32. Kd3 Kc6 33. Kc3 f5
34. h3 g6 35. g3 h6 36. h4 h5 37. Kb3 a4+ 38. Kc3 Kb6 39. Kd3 Kc6 40. Kc2 b4
41. Kd3 Kb6 42. Kc4 Kc6 43. axb4 cxb4 44. Kxb4 1-0

[Event "4NCL Online Division 5"]
[Site "online"]
[Date "2020.04.21"]
[Round "3.123"]
[White "Dilukshan, Manoharan"]
[Black "Constable, John"]
[Result "0-1"]
[WhiteElo "1480"]
[BlackElo "1562"]
[PlyCount "84"]
[EventDate "2020.04.21"]
[WhiteTeam "Harrow 4"]
[BlackTeam "Bude Surfers"]

1. e4 g6 2. Nf3 Bg7 3. d4 d6 4. Nc3 a6 5. Bd3 b5 6. O-O Nd7 7. Be3 Bb7 8. Ng5
Ngf6 9. Re1 h6 10. Nh3 b4 11. Ne2 Nxe4 12. Ng3 Nxg3 13. fxg3 O-O 14. c3 a5 15.
Qb3 c5 16. Bxg6 e6 17. Bh5 Nf6 18. Bf3 Bxf3 19. gxf3 bxc3 20. bxc3 Rb8 21. Qc2
Nd5 22. Qc1 Nxe3 23. Qxe3 cxd4 24. cxd4 Rb4 25. Red1 Qb6 26. a3 Bxd4 27. Rxd4
Qxd4 28. Qxd4 Rxd4 29. f4 Rc8 30. Ra2 Rdc4 31. Nf2 Rc1+ 32. Kg2 R8c2 33. Rxc2
Rxc2 34. Kg1 Ra2 35. Nd3 Rxa3 36. Kg2 Rxd3 37. Kh3 a4 38. Kg4 a3 39. Kh5 a2 40.
Kxh6 a1=Q 41. h4 Qg7+ 42. Kh5 Qg6# 0-1

[Event "4NCL Online Division 5"]
[Site "online"]
[Date "2020.04.21"]
[Round "3.124"]
[White "Russell, Lloyd"]
[Black "Walker, David J R"]
[Result "1/2-1/2"]
[WhiteElo "1210"]
[BlackElo "1285"]
[PlyCount "124"]
[EventDate "2020.04.21"]
[WhiteTeam "Bude Surfers"]
[BlackTeam "Harrow 4"]

1. d4 d5 2. e3 a6 3. c4 Nf6 4. cxd5 Nxd5 5. g3 Nf6 6. Bg2 e6 7. Ne2 Nbd7 8.
Nbc3 Be7 9. O-O O-O 10. Qb3 Rb8 11. Ne4 Re8 12. Bd2 Nb6 13. Rac1 Nbd5 14. N2c3
Nxe4 15. Bxe4 c6 16. a3 b5 17. Qd1 Bb7 18. Bd3 Qd7 19. e4 Nxc3 20. Bxc3 Qc7 21.
e5 c5 22. Qh5 g6 23. Qe2 Qc6 24. f3 Rbc8 25. Be4 Qc7 26. Rfd1 cxd4 27. Bxd4 Qb8
28. f4 Red8 29. Qe3 Rxc1 30. Rxc1 Rc8 31. Rd1 Rd8 32. Bxb7 Qxb7 33. h4 Qd7 34.
Rd2 Bc5 35. Bxc5 Qxd2 36. Qxd2 Rxd2 37. b4 Ra2 38. g4 Rxa3 39. Kg2 Kg7 40. Kf2
h6 41. Be3 Rb3 42. Bd2 Ra3 43. Bc1 Rd3 44. Ke2 Rb3 45. Bd2 Rh3 46. Be1 Rb3 47.
g5 h5 48. Kf2 Rd3 49. Ke2 Rh3 50. Kf1 Rf3+ 51. Kg2 Rxf4 52. Kg3 Rg4+ 53. Kf3
Rc4 54. Ke3 Rg4 55. Kf3 Rc4 56. Ke3 Kh7 57. Kd3 Rg4 58. Ke3 Rc4 59. Kd3 Rg4 60.
Ke3 Kg7 61. Kd3 Rf4 62. Ke3 Rg4 1/2-1/2

[Event "4NCL Online Division 5"]
[Site "online"]
[Date "2020.04.21"]
[Round "3.131"]
[White "Monga, Kanav"]
[Black "Moore, Eoin"]
[Result "0-1"]
[WhiteElo "1682"]
[BlackElo "1558"]
[PlyCount "62"]
[EventDate "2020.04.21"]
[WhiteTeam "Warwickshire Bears B"]
[BlackTeam "Kent KJCA Kestrels D"]

1. d4 Nf6 2. Bf4 g6 3. Nc3 d5 4. e3 Bg7 5. Bd3 O-O 6. h4 h5 7. Qe2 c5 8. O-O-O
c4 9. Bxc4 dxc4 10. Qxc4 Nbd7 11. Nf3 Nb6 12. Qe2 Bg4 13. Qe1 Nbd5 14. Ne2 Nxf4
15. Nxf4 Nd5 16. Nd3 e6 17. Rd2 Qa5 18. a3 Bxf3 19. gxf3 Bh6 20. Qe2 b5 21. Kb1
Qb6 22. f4 a5 23. Rg1 b4 24. a4 Nc3+ 25. bxc3 bxc3+ 26. Kc1 cxd2+ 27. Kxd2 Rac8
28. Qxh5 Bg7 29. Qg5 Qc6 30. Nc5 Qd5 31. Qg4 Rxc5 0-1

[Event "4NCL Online Division 5"]
[Site "online"]
[Date "2020.04.21"]
[Round "3.132"]
[White "Dorman, Orla"]
[Black "Fellowes, Billy"]
[Result "1-0"]
[WhiteElo "1464"]
[BlackElo "1555"]
[PlyCount "79"]
[EventDate "2020.04.21"]
[WhiteTeam "Kent KJCA Kestrels D"]
[BlackTeam "Warwickshire Bears B"]

1. e4 Nc6 2. d4 d5 3. e5 Bf5 4. c3 e6 5. Nf3 f6 6. Bd3 fxe5 7. Bxf5 exf5 8.
Nxe5 Nxe5 9. dxe5 c6 10. O-O Bc5 11. Nd2 Ne7 12. Nb3 Bb6 13. Nd4 Qd7 14. Qf3
O-O 15. Re1 Bc7 16. Qd3 Rae8 17. f4 c5 18. Nf3 c4 19. Qe2 Nc6 20. Be3 b5 21.
Bc5 Bb6 22. Bxb6 axb6 23. Qe3 Qc7 24. Rad1 Ne7 25. Nd4 Qd7 26. e6 Qc7 27. Nxb5
Qc5 28. Qxc5 bxc5 29. Nc7 Rd8 30. Re5 d4 31. cxd4 cxd4 32. Nb5 d3 33. Nc3 Rd4
34. g3 Rb8 35. Rb5 Rbd8 36. b3 cxb3 37. axb3 d2 38. Nb1 Re4 39. Rxd2 Rxd2 40.
Rb8+ 1-0

[Event "4NCL Online Division 5"]
[Site "online"]
[Date "2020.04.21"]
[Round "3.133"]
[White "Wong, Tristan"]
[Black "Chaban, Roxolana"]
[Result "1/2-1/2"]
[WhiteElo "1622"]
[BlackElo "1462"]
[PlyCount "61"]
[EventDate "2020.04.21"]
[WhiteTeam "Warwickshire Bears B"]
[BlackTeam "Kent KJCA Kestrels D"]

1. d4 Nf6 2. Bf4 g6 3. Nc3 Bg7 4. e4 d6 5. h4 h5 6. Be2 O-O 7. Qd2 Nbd7 8. Nf3
b6 9. O-O-O Bb7 10. Bd3 c5 11. Bh6 a6 12. Bxg7 Kxg7 13. Rdg1 b5 14. d5 b4 15.
Ne2 a5 16. g4 Nxg4 17. Rxg4 hxg4 18. Ng5 Rh8 19. Nf4 Qe8 20. h5 gxh5 21. Nxh5+
Kf8 22. Qf4 Nf6 23. Be2 Bc8 24. Rh4 Rxh5 25. Rxh5 Nxh5 26. Nh7+ Kg7 27. Qg5+
Kxh7 28. Qxh5+ Kg7 29. Qg5+ Kh7 30. Qh5+ Kg7 31. Qg5+ 1/2-1/2

[Event "4NCL Online Division 5"]
[Site "online"]
[Date "2020.04.21"]
[Round "3.134"]
[White "Brightley-Davies, Ciaran"]
[Black "Agrawal, Ansh"]
[Result "1-0"]
[WhiteElo "1454"]
[BlackElo "1472"]
[PlyCount "63"]
[EventDate "2020.04.21"]
[WhiteTeam "Kent KJCA Kestrels D"]
[BlackTeam "Warwickshire Bears B"]

1. e4 e5 2. Nf3 Nc6 3. d4 d6 4. dxe5 dxe5 5. Qxd8+ Kxd8 6. Bb5 Nf6 7. Bxc6 bxc6
8. Nxe5 Be6 9. Nxc6+ Kd7 10. Ne5+ Kc8 11. Nd2 Bd6 12. f4 Bxe5 13. fxe5 Nd7 14.
Nf3 Bg4 15. O-O Bxf3 16. Rxf3 Nxe5 17. Rf5 f6 18. Bf4 Re8 19. Bxe5 Rxe5 20.
Rxe5 fxe5 21. Rf1 Rb8 22. Rf8+ Kb7 23. Rxb8+ Kxb8 24. Kf2 Kb7 25. Kg3 Kc6 26.
Kg4 Kd6 27. Kf5 a5 28. g4 c5 29. c4 a4 30. a3 g6+ 31. Kf6 h5 32. g5 1-0

[Event "4NCL Online Division 5"]
[Site "online"]
[Date "2020.04.21"]
[Round "3.141"]
[White "Leeson, Chris J P"]
[Black "Yogit, S."]
[Result "0-1"]
[WhiteElo "1817"]
[BlackElo "2084"]
[PlyCount "52"]
[EventDate "2020.04.21"]
[WhiteTeam "Wessex Some Stars C"]
[BlackTeam "Uxbridge Knights"]

1. d4 Nf6 2. e3 e6 3. Bd3 b6 4. f4 c5 5. c3 Ba6 6. Bxa6 Nxa6 7. Nf3 Be7 8. O-O
O-O 9. Nbd2 Qc7 10. g3 Qb7 11. Qe2 d5 12. Ne5 Rac8 13. Qf3 b5 14. a3 b4 15.
axb4 cxb4 16. c4 Ne4 17. c5 f6 18. c6 Qb5 19. Nxe4 dxe4 20. Qg4 f5 21. Qd1 Bd6
22. Qa4 Qxa4 23. Rxa4 Nb8 24. Rxa7 Bxe5 25. dxe5 Nxc6 26. Rd1 Nxa7 0-1

[Event "4NCL Online Division 5"]
[Site "online"]
[Date "2020.04.21"]
[Round "3.142"]
[White "Knight, David"]
[Black "Chilton, James I"]
[Result "0-1"]
[WhiteElo "1735"]
[BlackElo "1725"]
[PlyCount "110"]
[EventDate "2020.04.21"]
[WhiteTeam "Uxbridge Knights"]
[BlackTeam "Wessex Some Stars C"]

1. c4 e5 2. Nc3 Nf6 3. Nf3 Nc6 4. g3 d5 5. cxd5 Nxd5 6. Bg2 Nxc3 7. bxc3 e4 8.
Ng1 Bf5 9. Qa4 Qd7 10. Bxe4 Bxe4 11. Qxe4+ Be7 12. Qg2 O-O 13. Nf3 f5 14. d4
Bf6 15. O-O Rae8 16. Ba3 Rf7 17. e3 g5 18. Rab1 b6 19. Rbd1 g4 20. Ne5 Nxe5 21.
dxe5 Qa4 22. exf6 Qxa3 23. Qc6 Ref8 24. Rd2 Rxf6 25. Qxc7 R8f7 26. Qc4 Kg7 27.
Rfd1 Qe7 28. Rd4 h5 29. Qd3 Qa3 30. Qd2 h4 31. Rd7 h3 32. Rxf7+ Kxf7 33. Qd7+
Qe7 34. Rd4 Qxd7 35. Rxd7+ Ke8 36. Rxa7 Rd6 37. Kf1 Rd1+ 38. Ke2 Rh1 39. Rb7
Rxh2 40. Rxb6 Rh1 41. Rb5 Ra1 42. Rxf5 h2 43. Rh5 h1=Q 44. Rxh1 Rxh1 45. e4 Ra1
46. f4 gxf3+ 47. Kxf3 Rxa2 48. Kf4 Rc2 49. g4 Rxc3 50. g5 Kf7 51. Kf5 Rf3+ 52.
Ke5 Ke7 53. g6 Rf6 54. Kd5 Rxg6 55. e5 Rg5 0-1

[Event "4NCL Online Division 5"]
[Site "online"]
[Date "2020.04.21"]
[Round "3.143"]
[White "Pankaj Tomar"]
[Black "Smith, Richard"]
[Result "1-0"]
[WhiteElo "1525"]
[BlackElo "1427"]
[PlyCount "103"]
[EventDate "2020.04.21"]
[WhiteTeam "Wessex Some Stars C"]
[BlackTeam "Uxbridge Knights"]

1. e4 c5 2. Nf3 Nc6 3. d4 cxd4 4. Nxd4 e6 5. c4 a6 6. Be2 Nge7 7. Nc3 g6 8. O-O
Bg7 9. Be3 O-O 10. Rb1 d6 11. a3 Qc7 12. b4 Nxd4 13. Bxd4 e5 14. Be3 Be6 15.
Nd5 Nxd5 16. cxd5 Bd7 17. Qd2 b5 18. Rfc1 Qd8 19. Rc2 Rc8 20. Rbc1 Rxc2 21.
Rxc2 Qb8 22. Bh6 Rc8 23. Bxg7 Kxg7 24. Bd3 Qb6 25. Rxc8 Bxc8 26. Qc3 Bd7 27. g3
Bh3 28. Bf1 Bxf1 29. Kxf1 Qd4 30. Qxd4 exd4 31. Ke2 Kf6 32. Kd3 Ke7 33. Kxd4 f6
34. f4 h5 35. h4 Kd7 36. e5 f5 37. Kc3 Ke7 38. Kb3 Kd7 39. a4 Ke7 40. axb5 axb5
41. Kc3 Kd7 42. exd6 Kxd6 43. Kd4 Kd7 44. Kc5 Kc7 45. d6+ Kd7 46. Kd5 Kd8 47.
Kc6 Kc8 48. Kxb5 Kd7 49. Kc5 Kd8 50. Kc6 Kc8 51. b5 Kd8 52. b6 1-0

[Event "4NCL Online Division 5"]
[Site "online"]
[Date "2020.04.21"]
[Round "3.144"]
[White "Martellotta, Gabriele"]
[Black "Cuthbert, Larissa"]
[Result "0-1"]
[WhiteElo "1390"]
[BlackElo "1010"]
[PlyCount "100"]
[EventDate "2020.04.21"]
[WhiteTeam "Uxbridge Knights"]
[BlackTeam "Wessex Some Stars C"]

1. c4 e5 2. Nc3 Nf6 3. g3 Bc5 4. Nf3 d6 5. Bg2 e4 6. Ng5 h6 7. Ngxe4 Bb6 8. O-O
Nc6 9. b3 Be6 10. e3 Qd7 11. d4 Bh3 12. Qf3 Nxe4 13. Nxe4 Bg4 14. Qf4 Ne7 15.
Nc3 f5 16. e4 Bxd4 17. Bb2 Bf6 18. f3 Bg5 19. Qxg5 hxg5 20. fxg4 fxg4 21. Rae1
O-O-O 22. Nb5 Kb8 23. Re2 Rh7 24. Bd4 Nc6 25. Be3 a6 26. Nc3 Rdh8 27. Bh1 Ne5
28. Ref2 b6 29. Bxg5 Nf3+ 30. Bxf3 gxf3 31. h4 Rh5 32. Rxf3 Qh3 33. Kf2 Kb7 34.
Nd5 Qh2+ 35. Ke1 Qxa2 36. Rf7 Qb1+ 37. Kf2 Qc2+ 38. Kg1 Rxg5 39. Rxc7+ Kb8 40.
Rf3 Qd1+ 41. Kg2 Qe2+ 42. Rf2 Qxe4+ 43. Rf3 Qxh4 44. Rcf7 Qh2+ 45. Kf1 Qh1+ 46.
Ke2 Re5+ 47. Ne3 Rh2+ 48. Kd3 Qb1+ 49. Kc3 Qc1+ 50. Kd3 Rd2# 0-1

[Event "4NCL Online Division 5"]
[Site "online"]
[Date "2020.04.21"]
[Round "3.151"]
[White "Cullen, Ben"]
[Black "Williams, Michael D"]
[Result "1-0"]
[WhiteElo "1894"]
[BlackElo "1765"]
[PlyCount "74"]
[EventDate "2020.04.21"]
[WhiteTeam "Gonzaga D"]
[BlackTeam "Wimbledon 3"]

1. d4 Nf6 2. c4 e5 3. dxe5 Ng4 4. Nf3 Nc6 5. Nc3 Ngxe5 6. Nxe5 Nxe5 7. e4 Bc5
8. Be2 O-O 9. O-O d6 10. a3 a6 11. Kh1 Be6 12. b3 f5 13. f4 Ng6 14. g3 Qd7 15.
Bf3 c6 16. Bb2 Rad8 17. Qd2 Ne7 18. Rad1 b5 19. b4 Ba7 20. cxb5 cxb5 21. Rfe1
fxe4 22. Nxe4 d5 23. Ng5 Bg4 24. Bxg4 Qxg4 25. Rxe7 Rd7 26. Rxd7 Qxd7 27. Qxd5+
Qxd5+ 28. Rxd5 Re8 29. Be5 h6 30. Rd7 hxg5 31. Rxg7+ Kf8 32. Rxa7 gxf4 33. gxf4
Re6 34. Kg2 Rg6+ 35. Kf3 Rg1 36. Ke4 Re1+ 37. Kf5 Rh1 1-0

[Event "4NCL Online Division 5"]
[Site "online"]
[Date "2020.04.21"]
[Round "3.152"]
[White "Slonczuk, Pawel"]
[Black "Moran, Hugh"]
[Result "0-1"]
[WhiteElo "1660"]
[BlackElo "1711"]
[PlyCount "64"]
[EventDate "2020.04.21"]
[WhiteTeam "Wimbledon 3"]
[BlackTeam "Gonzaga D"]

1. d4 d6 2. Nc3 e5 3. dxe5 dxe5 4. Qxd8+ Kxd8 5. e4 c6 6. Bc4 f6 7. a3 a5 8.
Be3 Nd7 9. O-O-O Kc7 10. Be6 Bc5 11. Bxc5 Nxc5 12. Bxc8 Rxc8 13. Nge2 Nh6 14.
f3 Rcd8 15. h4 Nf7 16. h5 b5 17. Ng3 b4 18. axb4 axb4 19. Nce2 Ra8 20. b3 Ra2
21. Nf5 Rha8 22. Kd2 Nxb3+ 23. Ke3 Rxc2 24. Rb1 Nc5 25. Ra1 Raa2 26. Rxa2 Rxa2
27. Nxg7 Nd6 28. Rc1 Ra3+ 29. Kd2 Nb3+ 30. Kd1 Nxc1 31. Kxc1 Kd7 32. g4 Rxf3
0-1

[Event "4NCL Online Division 5"]
[Site "online"]
[Date "2020.04.21"]
[Round "3.153"]
[White "Murray, Sam"]
[Black "Brett, Alex I"]
[Result "1-0"]
[WhiteElo "1613"]
[BlackElo "1480"]
[PlyCount "49"]
[EventDate "2020.04.21"]
[WhiteTeam "Gonzaga D"]
[BlackTeam "Wimbledon 3"]

1. d4 c5 2. dxc5 e6 3. Nc3 Nf6 4. e4 Nc6 5. Be3 Qa5 6. Bd3 Ne5 7. Nf3 Nxd3+ 8.
Qxd3 Bxc5 9. Bxc5 Qxc5 10. e5 Ng4 11. Ne4 Qa5+ 12. c3 Nxe5 13. Nd6+ Ke7 14. Qd4
Nxf3+ 15. gxf3 f6 16. O-O-O Qc7 17. Rhg1 Rg8 18. Qh4 h6 19. Qh5 Qxd6 20. Rxd6
Kxd6 21. Qf7 Rd8 22. Rxg7 f5 23. Qe7+ Kc7 24. Qc5+ Kb8 25. Qd6# 1-0

[Event "4NCL Online Division 5"]
[Site "online"]
[Date "2020.04.21"]
[Round "3.154"]
[White "Sood, Kamaljit"]
[Black "Tempany, Max"]
[Result "1-0"]
[WhiteElo "1090"]
[BlackElo "1634"]
[PlyCount "45"]
[EventDate "2020.04.21"]
[WhiteTeam "Wimbledon 3"]
[BlackTeam "Gonzaga D"]

1. e4 c5 2. Nf3 d6 3. d4 cxd4 4. Nxd4 Nf6 5. Nc3 a6 6. Bc4 e6 7. Bg5 Nbd7 8.
O-O b5 9. Bb3 Nc5 10. Qe2 Be7 11. Nc6 Qc7 12. Nxe7 Qxe7 13. a3 Bb7 14. f3 Nxb3
15. cxb3 h6 16. Bh4 O-O-O 17. Rad1 g5 18. Bg3 e5 19. Qe3 Kb8 20. Bf2 g4 21.
Qa7+ Kc8 22. fxg4 Nxg4 23. Nd5 1-0

[Event "4NCL Online Division 5"]
[Site "online"]
[Date "2020.04.21"]
[Round "3.161"]
[White "Whelan, Joseph"]
[Black "Simpson, Derek"]
[Result "0-1"]
[WhiteElo "1358"]
[BlackElo "1675"]
[PlyCount "66"]
[EventDate "2020.04.21"]
[WhiteTeam "4 Gems"]
[BlackTeam "Broken Herts 1"]

1. e4 e6 2. d4 d5 3. e5 c5 4. c3 Nc6 5. Nf3 Qb6 6. Qb3 Qxb3 7. axb3 cxd4 8.
Nxd4 Nxd4 9. cxd4 Ne7 10. Bb5+ Bd7 11. Bxd7+ Kxd7 12. Nc3 Nc6 13. Be3 Be7 14.
O-O b6 15. Na2 Rhc8 16. Nc3 Na5 17. Nb5 a6 18. Nd6 Bxd6 19. exd6 Kxd6 20. Bf4+
Kd7 21. Ra3 Rc2 22. Rb1 Nc6 23. Be3 Nb4 24. Ra4 a5 25. g3 Rac8 26. Raa1 Nd3 27.
Ra2 Re2 28. Kf1 Rcc2 29. h4 Nxf2 30. Bxf2 Rxf2+ 31. Ke1 Rh2 32. Kd1 Rcg2 33.
Ke1 Rh1# 0-1

[Event "4NCL Online Division 5"]
[Site "online"]
[Date "2020.04.21"]
[Round "3.162"]
[White "Hutton, Allan"]
[Black "Gogia, Abeer"]
[Result "1/2-1/2"]
[WhiteElo "1600"]
[BlackElo "1412"]
[PlyCount "58"]
[EventDate "2020.04.21"]
[WhiteTeam "Broken Herts 1"]
[BlackTeam "4 Gems"]

1. Nf3 d5 2. g3 Nc6 3. d4 Nf6 4. Bg2 e6 5. O-O Be7 6. c3 b6 7. Nbd2 O-O 8. Re1
Bb7 9. b4 a6 10. Nb3 Bd6 11. Bd2 Qe7 12. a4 Ne4 13. Qc2 Nxd2 14. Nbxd2 h6 15.
e4 dxe4 16. Nxe4 Rfd8 17. Nxd6 Qxd6 18. Ne5 Rab8 19. Rac1 Nxe5 20. Rxe5 Bxg2
21. Kxg2 Qc6+ 22. Kg1 Rd5 23. Rxd5 Qxd5 24. Qd3 b5 25. a5 c6 26. Re1 Rc8 27.
Re5 Qd6 28. Qf3 Qe7 29. Rc5 Qd6 1/2-1/2

[Event "4NCL Online Division 5"]
[Site "online"]
[Date "2020.04.21"]
[Round "3.163"]
[White "Whelan, Sean"]
[Black "Kapur, Gul"]
[Result "0-1"]
[WhiteElo "1267"]
[BlackElo "1510"]
[PlyCount "56"]
[EventDate "2020.04.21"]
[WhiteTeam "4 Gems"]
[BlackTeam "Broken Herts 1"]

1. d4 d5 2. Bf4 Nf6 3. e3 c6 4. Nf3 Bf5 5. Nbd2 e6 6. Be2 Nbd7 7. c4 c5 8. Ne5
a6 9. b3 h6 10. Ndf3 Nh5 11. Nxd7 Nxf4 12. exf4 Qxd7 13. Nh4 Be4 14. Bf3 Bxf3
15. Nxf3 dxc4 16. bxc4 cxd4 17. Qxd4 Bb4+ 18. Ke2 Qa4 19. Rhc1 O-O 20. Qd1 Qc6
21. Rab1 Qe4+ 22. Kf1 Bc5 23. g3 Rfd8 24. Qe2 Qc6 25. Rd1 g5 26. fxg5 hxg5 27.
Rxd8+ Rxd8 28. Nxg5 Qh1# 0-1

[Event "4NCL Online Division 5"]
[Site "online"]
[Date "2020.04.21"]
[Round "3.164"]
[White "Zsibrita, Steve"]
[Black "Rizvi, Zara"]
[Result "1-0"]
[WhiteElo "1495"]
[BlackElo "1076"]
[PlyCount "45"]
[EventDate "2020.04.21"]
[WhiteTeam "Broken Herts 1"]
[BlackTeam "4 Gems"]

1. d4 d5 2. e3 Nf6 3. Bd3 c5 4. c3 Nc6 5. Nf3 Bg4 6. Nbd2 e6 7. O-O Bd6 8. h3
Bf5 9. Bxf5 exf5 10. Qe1 O-O 11. Nh4 Qd7 12. f4 Ne4 13. Nhf3 Rab8 14. Ne5 Qc7
15. a3 b5 16. b4 cxb4 17. axb4 Rb7 18. Nxe4 fxe4 19. Bd2 Rc8 20. Qh4 Qe7 21.
Qg4 Qe6 22. f5 Qd7 23. Nxd7 1-0

[Event "4NCL Online Division 5"]
[Site "online"]
[Date "2020.04.21"]
[Round "3.171"]
[White "Kerbel, Sasha"]
[Black "Morgan, Harry J"]
[Result "1-0"]
[WhiteElo "1780"]
[BlackElo "1727"]
[PlyCount "83"]
[EventDate "2020.04.21"]
[WhiteTeam "Wigston 2"]
[BlackTeam "Streatham C"]

1. e4 c6 2. d4 d5 3. e5 Bf5 4. Nf3 e6 5. Be2 Nd7 6. O-O Qc7 7. Be3 O-O-O 8. a4
f6 9. c3 fxe5 10. dxe5 Kb8 11. Qd2 Bc5 12. b4 Bxe3 13. Qxe3 Nh6 14. b5 Ng4 15.
Qc1 Ndxe5 16. Nbd2 Nxf3+ 17. Nxf3 Be4 18. g3 Bxf3 19. Bxf3 Ne5 20. Bg2 c5 21.
a5 Qf7 22. Qe3 Nd7 23. f4 Rc8 24. Rfe1 Rhe8 25. Qd3 Nf6 26. Re5 c4 27. Qe2 Qe7
28. Kh1 Nd7 29. Re3 Qf6 30. Bxd5 e5 31. fxe5 Rxe5 32. Rxe5 Nxe5 33. Rf1 Qd6 34.
Qe4 Qc7 35. b6 axb6 36. axb6 Qd6 37. Bxb7 Re8 38. Ra1 Nc6 39. Qxc6 Qxc6+ 40.
Bxc6 Re1+ 41. Rxe1 h5 42. Re8# 1-0